000 00986nas a2200289 4500
001 BR2022000292
003 BR-BrBNA
005 20231205132237.0
007 ta
008 230509b bl.|||p| |||| 00| 00por d
040 _aBR-BrBNA
_bpor
_cBiblioteca Nacional de Agricultura
041 _a(En)
072 _aQ03
100 1 _aDias, F.S.
100 1 _aSantos, M.R.R.M.
100 1 _aSchwan, R.F.
245 1 _aEnumeration, identification and safety proprieties of lactic acid bacteria isolated from pork sausage
650 _aSUÍNO
650 _aLINGUIÇA
650 _aCONTAMINAÇÃO
650 _aANÁLISE MICROBIOLÓGICA
650 _aSEGURANÇA ALIMENTAR
773 0 _tArquivo Brasileiro de Medicina Veterinária e Zootecnia (Brazil)
_xISSN 1678-4162
_g(May-jun 2015), v. 67(3) p. 918-926
_wBR2022000292
856 4 0 _uhttps://www.scielo.br/j/abmvz/a/cTmBShLh3mDtxvQZqR59N5f/?format=pdf lang=en
909 _a202311
_bLúcia
_c55
_dLúcia Elande
942 _2AGRIS
_n0
_cANA
999 _c259258
_d259258